BIBLIOTECA

SENCICO

Mecánica de suelos : (Registro nro. 3802)

Detalles MARC
000 -LEADER
fixed length control field 00800nam a22002417a 4500
003 - CONTROL NUMBER IDENTIFIER
control field PE SENCICO BE
005 - DATE AND TIME OF LATEST TRANSACTION
control field 20251020182625.0
008 - FIXED-LENGTH DATA ELEMENTS--GENERAL INFORMATION
fixed length control field 230202b |||||||| |||| 00| 0 eng d
020 ## - INTERNATIONAL STANDARD BOOK NUMBER
International Standard Book Number 978-84-16898-62-6
040 ## - CATALOGING SOURCE
Original cataloging agency PE SENCICO BE
Transcribing agency PE SENCICO BE
041 ## - LANGUAGE CODE
Language code of text/sound track or separate title spa
082 ## - DEWEY DECIMAL CLASSIFICATION NUMBER
Classification number 624.15136
Item number G88
100 1# - MAIN ENTRY--PERSONAL NAME
9 (RLIN) 153
Personal name Guerra Torralbo, Juan Carlos
245 1# - TITLE STATEMENT
Title Mecánica de suelos :
Remainder of title conceptos básicos y aplicaciones /
Statement of responsibility, etc. Juan Carlos Guerra Torralbo
260 ## - PUBLICATION, DISTRIBUTION, ETC.
Place of publication, distribution, etc. Madrid:
Name of publisher, distributor, etc. Dextra,
Date of publication, distribution, etc. [2018]
300 ## - PHYSICAL DESCRIPTION
Extent 345 p. :
Other physical details il., diagrs.,
Dimensions 24 cm.
504 ## - BIBLIOGRAPHY, ETC. NOTE
Bibliography, etc. note Bibliografía: p. [349] - 352.
650 14 - SUBJECT ADDED ENTRY--TOPICAL TERM
9 (RLIN) 43
Topical term or geographic name entry element Mecánica de suelos
650 24 - SUBJECT ADDED ENTRY--TOPICAL TERM
9 (RLIN) 155
Topical term or geographic name entry element Estudio de suelos
650 24 - SUBJECT ADDED ENTRY--TOPICAL TERM
9 (RLIN) 31
Topical term or geographic name entry element Ingeniería geológica
910 ## - USER-OPTION DATA (OCLC)
-- hfp
-- hfp
942 ## - ADDED ENTRY ELEMENTS (KOHA)
Source of classification or shelving scheme Dewey Decimal Classification
Koha item type Libros
Classification part 624.15136
Item part G88
Existencias
Fecha de la última vez que lo usaron Número de ingreso o de inventario Pago total Signatura topográfica completa Precio efectivo desde Tipo de documento Estado perdido Sistema de clasificación Estado dañado No es para préstamo Retirado Ubicación permanente Ubicación actual Fecha de adquisición
02/02/2023 16571   624.15136/G88 02/02/2023 Libros   Dewey Decimal Classification       Biblioteca Central Lima Biblioteca Central Lima 02/02/2023